000 01327cad a22002175a 4500
001 L153292
008 120619s2011 xxk f 000 0 eng d
035 _a(Sirsi) u153292
041 0 _aeng
110 2 _aNatural England
_95071
245 0 0 _aMonitor of engagement with the natural environment
_bthe national survey on people and the natural environment
_h[electronic resource]
260 _a[S.l.]
_bNatural England
_c2011
490 0 _aNatural England Report
_v(NECR083) 30 June 2011
520 _aData of how people use the natural environment in England. This is the second year of the report which presents the headline findings for the fieldwork from March 2010 to February 2011. This aims to understand how people use, enjoy and are motivated to protect the natural environment and provides data that monitors changes in use of the environment over time and for key groups of the population.
590 _aKA NTK
651 4 _aEngland
_y886-
690 _aENVIRONMENTAL AND LAND CONSULTANCY-ENVIRONMENTAL MANAGEMENT
856 4 0 _uhttps://publications.naturalengland.org.uk/publication/45011?category=47018
_zView the report at publications.naturalengland.org.uk
856 4 0 _uhttps://www.naturalengland.org.uk/ourwork/research/mene.aspx
_zView the MENE homepage at publications.naturalengland.org.uk
942 _n0
999 _c112449
_d112449